Jamaican words into English - Statistics

General Stats
  • This quiz has been taken 443 times
  • The average score is 7 of 14
Answer Stats
Word Sentence example Answer % Correct
Gyal Yow bredda! Who dah gyal deh ova deh suh? Girl
88%
Wah gwaan? Wah gwaan wid yuh todeh? What's going on?
84%
Bredren Mi bredren and mi did a party di wul nite Brethran/Friend/Colleague
80%
Irie Mi nuh really hav much fi complain bout, mi life irie Alright
76%
Pickney Dem yah nowadays pickney waah fi bi like big people instead a actin dem age Child
76%
Jamrock Mi ago a Jamrock fi mi summer vacation Jamaica
68%
Duppy Yuh nuh think yuh too ole fi believe inna duppy? Ghost
60%
Mi deh ya Nothing nah gwaan adi paati but mi deh yah deh chill anyway I am here
49%
Badmind Him badmind mi kaaz mi a drive Benz Envious
39%
Yardie Get mi a beef patty fram di yardie restaurant Jamaican
38%
Likkle more Mi deh leff, likkle more See you later
32%
Obeah Nuh matta how haad mi try, mi cyaah get ova har, it cummin like she obeah mi Spell
23%
Pree Wen mi guh a club a bai man deh pree mi Check out
6%
Big up Mi hav fi big up John fi everything him duh fi wi Give respect
5%
No matching quizzes found
Score Distribution
Percent of People with Each Score
Percentile by Number Answered
Your Score History
You have not taken this quiz